| 000 | 00793cam a2200241 i 4500 | ||
|---|---|---|---|
| 001 | BD-DhSAU | ||
| 003 | BD-DhSAU | ||
| 005 | 20150611152416.0 | ||
| 008 | 760113s1976 nyua d 000 0 eng | ||
| 040 | _aBD-DhSAU | ||
| 082 | 0 | 0 |
_a510.3 _222 _bJAM |
| 100 | 1 |
_aJames, Glenn _d1882- _eed. |
|
| 245 | 1 | 0 |
_aMathematics dictionary / _cJames [and] James ; contributors, Armen A. Alchian ... [et al.] ; translators, J. George Adashko ... [et al.]. |
| 250 | _a4th ed. | ||
| 260 |
_aDelhi : _bCBS Pub. , _cc1986. |
||
| 300 |
_avii, 509 p. : _bill. ; _c24 cm. |
||
| 590 | _aJerin | ||
| 650 | 0 |
_aMathematics _xDictionaries _xPolyglot. |
|
| 650 | 0 | _aDictionaries, Polyglot. | |
| 700 | 1 |
_aJames, Robert C. _q(Robert Clarke), _ejoint author. |
|
| 700 | 1 |
_aAlchian, Armen Albert _d1914- |
|
| 942 |
_2ddc _cBOOK |
||
| 999 |
_c8352 _d8352 |
||